| 000 | 01579nam a2200397 a 4500 | ||
|---|---|---|---|
| 001 | ebr10505576 | ||
| 003 | CaPaEBR | ||
| 006 | m u | ||
| 007 | cr cn||||||||| | ||
| 008 | 010514s2001 caua sb 000 0 eng d | ||
| 010 | _z 2001031969 | ||
| 020 | _z0833029851 (pbk.) | ||
| 020 | _z9780833029850 | ||
| 020 | _z9780833032508 (e-book) | ||
| 040 |
_aCaPaEBR _cCaPaEBR |
||
| 035 | _a(OCoLC)50851055 | ||
| 043 | _an-us--- | ||
| 050 | 1 | 4 |
_aUB323 _b.A734 2001eb |
| 082 | 0 | 4 |
_a355.6/1 _221 |
| 245 | 0 | 0 |
_aArmy biometric applications _h[electronic resource] : _bidentifying and addressing sociocultural concerns / _cJohn D. Woodward, Jr. ...[et al.]. |
| 260 |
_aSanta Monica, Calif. : _bRand, _c2001. |
||
| 300 |
_axxviii, 185 p. : _bill. |
||
| 500 | _a"Prepared for the United States Army. Approved for public release; distribution unlimited." | ||
| 500 | _a"Arroyo Center." | ||
| 500 | _a"MR-1237." | ||
| 504 | _aIncludes bibliographical references (p. 173-185). | ||
| 533 |
_aElectronic reproduction. _bPalo Alto, Calif. : _cebrary, _d2011. _nAvailable via World Wide Web. _nAccess may be limited to ebrary affiliated libraries. |
||
| 610 | 1 | 0 |
_aUnited States. _bArmy _xPersonnel management. |
| 650 | 0 |
_aBiometric identification _zUnited States. |
|
| 655 | 7 |
_aElectronic books. _2local |
|
| 700 | 1 |
_aWoodward, John D., _cJr. |
|
| 710 | 1 |
_aUnited States. _bArmy. |
|
| 710 | 2 | _aArroyo Center. | |
| 710 | 2 | _aebrary, Inc. | |
| 856 | 4 | 0 |
_uhttp://site.ebrary.com/lib/rucke/Doc?id=10505576 _zAn electronic book accessible through the World Wide Web; click to view |
| 999 |
_c113776 _d113776 |
||